000 00300 a2200133 4500
001 157171
040 _cEscola São Tomás de Aquino
100 _aMAGALHÃES, Thereza Cochar
240 1 0 _aPortuguês
_lpor
245 1 0 _aPortuguês
362 0 _a2008
697 _aLíngua portuguesa
942 _cBK
999 _c157171
_d157171